Wszystkie gminy Powiatu Przysuskiego - Statystyki

Ogólne statystyki
  • Ten quiz został rozwiązany 12 razy
  • Średni wynik to 6 z 8
Statystyki odpowiedzi
Rodzaj Gmina % Poprawnych
Miejsko-wiejska Przysucha
89%
Miejsko-wiejska Gielniów
78%
Miejsko-wiejska Odrzywół
78%
Wiejska Wieniawa
78%
Wiejska Klwów
67%
Wiejska Potworów
67%
Wiejska Rusinów
67%
Wiejska Borkowice
56%
Nie znaleziono quizów pasujących do podanych kryteriów
Rozkład punktacji
Procent ludzi z każdym wynikiem
Percentyl według liczby udzielonych odpowiedzi
Twoja historia wyników
Nie rozwiązałeś tego quizu